Normal view
MARC view
- Healthcare Biotechnology.
Entry Uniform Title
001 - CONTROL NUMBER
- control field: 13966
003 - CONTROL NUMBER IDENTIFIER
- control field: NUST
005 - DATE AND TIME OF LATEST TRANSACTION
- control field: 20190326061416.0
008 - FIXED-LENGTH DATA ELEMENTS
- fixed length control field: 190326|| aca||aabn | a|a d
040 ## - CATALOGING SOURCE
- Original cataloging agency: NUST
- Transcribing agency: NUST
130 ## - HEADING--UNIFORM TITLE
- Uniform title: Healthcare Biotechnology.
- Title of a work: Breast cancer therapy
- Form subdivision: nanoparticles
670 ## - SOURCE DATA FOUND
- Source citation: Work cat.: (NUST): by Samra Khalid-sup-Dr. Rumeza Hanif 13965, Th-PhD-Identification and modeling of regulatory networks and development of anti-cancer drug-conjugated nanoparticles for breast cancer therapy , 2018.
